[Event "NED-chT 2122"]
[Site "Netherlands"]
[Date "2022.03.12"]
[Round "7.9"]
[White "Roebers, Eline"]
[Black "Decrop, Benjamin"]
[Result "0-1"]
[WhiteElo "2304"]
[BlackElo "2136"]
[PlyCount "86"]
[EventDate "2021.09.18"]
[EventType "team-tourn"]
[EventRounds "9"]
[EventCountry "NED"]
[SourceTitle "EXT 2023"]
[Source "ChessBase"]
[SourceDate "2022.10.05"]
[SourceVersion "1"]
[SourceVersionDate "2022.10.05"]
[SourceQuality "1"]
[WhiteTeam "Kennemer Combinatie"]
[BlackTeam "Sas van Gent"]
[WhiteTeamCountry "NED"]
[BlackTeamCountry "NED"]

1. e4 c5 2. Nf3 e6 3. d4 cxd4 4. Nxd4 Nc6 5. Nc3 Qc7 6. Be3 a6 7. g4 b5 8. Nxc6 Qxc6 9. Qd2 b4 10. Ne2 Qxe4 11. Rg1 Qc6 12. 0-0-0 Bb7 13. Nf4 Nf6 14. Bg2 Qc7 15. g5 Ne4 16. Qd4 Nd6 17. Qxb4 Bxg2 18. Rxg2 Rc8 19. Qa4 Nc4 20. Nh5 Nxb2 21. Kxb2 Qc3+ 22. Kb1 Rb8+ 23. Qb3 Rxb3+ 24. axb3 Qc6 25. Rg4 Qf3 26. Rdg1 f5 27. gxf6 gxf6 28. Nf4 Bd6 29. h3 f5 30. Rh4 Be5 31. Nd3 Bf6 32. Rh6 Bc3 33. Rh4 Qd5 34. Rc4 Bf6 35. Rc5 Qd6 36. Rc4 Kf7 37. f4 Rb8 38. Ne5+ Bxe5 39. fxe5 Rxb3+ 40. cxb3 Qd3+ 41. Kb2 Qxe3 42. Rd1 Qxe5+ 43. Kc2 d5 0-1

[Event "BEL-chT 2122"]
[Site "Belgium"]
[Date "2022.02.13"]
[Round "7.4"]
[White "Van den Berg, Bram"]
[Black "Decrop, Benjamin"]
[Result "0-1"]
[WhiteElo "2209"]
[BlackElo "2136"]
[PlyCount "106"]
[EventDate "2021.10.24"]
[EventType "team-tourn"]
[EventRounds "11"]
[EventCountry "BEL"]
[SourceTitle "EXT 2023"]
[Source "ChessBase"]
[SourceDate "2022.10.05"]
[SourceVersion "1"]
[SourceVersionDate "2022.10.05"]
[SourceQuality "1"]
[WhiteTeam "Brasschaat"]
[BlackTeam "Oostende"]
[WhiteTeamCountry "BEL"]
[BlackTeamCountry "BEL"]

1. e4 c5 2. b4 cxb4 3. a3 e5 4. Nf3 Nc6 5. Bc4 Nf6 6. 0-0 Nxe4 7. Qe2 d5 8. Bb5 Bd6 9. d3 Nc3 10. Nxc3 bxc3 11. Nxe5 0-0 12. Bxc6 bxc6 13. d4 Bxe5 14. Qxe5 Ba6 15. Rd1 Qh4 16. Bg5 Qg4 17. h3 Qd7 18. Qg3 Qf5 19. Bh6 Qf6 20. Bf4 Qf5 21. Bh6 Qg6 22. Qxg6 hxg6 23. Bf4 Rfe8 24. Re1 Bb5 25. Re3 Rxe3 26. fxe3 Ba4 27. Rc1 g5 28. Bd6 a5 29. Bc7 Kf8 30. Kf2 Ke7 31. Bb6 Kd7 32. Ke2 Bb5+ 33. Kf2 f5 34. a4 Bxa4 35. Ra1 Ra6 36. Rxa4 Rxb6 37. Ra3 Ke6 38. Rxc3 f4 39. g4 fxg3+ 40. Kxg3 Kf5 41. Kf3 a4 42. Ra3 Ra6 43. e4+ dxe4+ 44. Ke3 Ra8 45. Ra1 a3 46. Rf1+ Ke6 47. Kxe4 a2 48. Ra1 Ra3 49. c3 g6 50. Kd3 Kd5 51. Kc2 Kc4 52. Kb2 Ra8 53. Kc2 Rf8 0-1

[Event "BEL-chT 2122"]
[Site "Belgium"]
[Date "2021.11.21"]
[Round "2.5"]
[White "Decrop, Benjamin"]
[Black "Stillger, Bernhard"]
[Result "1/2-1/2"]
[WhiteElo "2136"]
[BlackElo "2243"]
[PlyCount "128"]
[EventDate "2021.10.24"]
[EventType "team-tourn"]
[EventRounds "11"]
[EventCountry "BEL"]
[SourceTitle "EXT 2023"]
[Source "ChessBase"]
[SourceDate "2022.10.05"]
[SourceVersion "1"]
[SourceVersionDate "2022.10.05"]
[SourceQuality "1"]
[WhiteTeam "Oostende"]
[BlackTeam "KSK47 Eynatten"]
[WhiteTeamCountry "BEL"]
[BlackTeamCountry "BEL"]

1. e4 e5 2. Nf3 Nf6 3. Nc3 Nc6 4. a4 d5 5. Bb5 Nxe4 6. Qe2 Qd6 7. Nxe4 dxe4 8. Qxe4 Bd7 9. d4 0-0-0 10. dxe5 Nxe5 11. 0-0 Nxf3+ 12. Qxf3 Qf6 13. Qxf6 gxf6 14. Be3 a6 15. Bxd7+ Rxd7 16. Rad1 Bd6 17. Rd3 Be5 18. Rxd7 Kxd7 19. Rd1+ Ke6 20. Kf1 b5 21. axb5 axb5 22. Ke2 Ra8 23. b3 Ra2 24. Kd3 Ra6 25. h3 Rd6+ 26. Ke2 Rc6 27. Rd2 Bc3 28. Rd3 Bb4 29. Kd1 Ra6 30. Bd4 f5 31. Re3+ Kd5 32. Bb2 Re6 33. Rd3+ Kc6 34. Bc3 Bxc3 35. Rxc3+ Kd6 36. Rd3+ Kc6 37. Rf3 Rf6 38. Kd2 Kd5 39. Kd3 Ke5 40. Re3+ Kd5 41. c4+ bxc4+ 42. bxc4+ Kd6 43. Re2 Rg6 44. f3 h5 45. Ra2 Ke5 46. Ke3 f4+ 47. Kd3 Rd6+ 48. Kc3 f5 49. Ra5+ Kf6 50. h4 Rd7 51. Ra6+ Ke5 52. Ra5+ Ke6 53. Ra2 Rd1 54. Kb4 Kd6 55. Ra5 c5+ 56. Kc3 Rc1+ 57. Kd3 Rd1+ 58. Kc2 Rg1 59. Ra6+ Ke5 60. Kd3 Rd1+ 61. Kc3 Rc1+ 62. Kd3 Rd1+ 63. Kc3 Rc1+ 64. Kd3 Rd1+ 1/2-1/2

[Event "Bruges Masters"]
[Site "Bruges"]
[Date "2019.08.12"]
[Round "4"]
[White "Faure, Stephane"]
[Black "Decrop, Benjamin"]
[Result "1-0"]
[WhiteElo "2045"]
[BlackElo "2183"]
[PlyCount "87"]
[EventDate "2019.08.11"]
[EventType "swiss"]
[EventRounds "9"]
[EventCountry "BEL"]
[SourceTitle "CBM 191 Extra"]
[Source "ChessBase"]
[SourceDate "2019.09.30"]
[SourceVersion "1"]
[SourceVersionDate "2019.09.30"]
[SourceQuality "1"]

1. e4 c5 2. Nf3 Nc6 3. Bb5 g6 4. 0-0 Bg7 5. Re1 e5 6. Bxc6 dxc6 7. d3 Qc7 8. Be3 b6 9. Nbd2 Nf6 10. c3 0-0 11. b4 cxb4 12. cxb4 Ba6 13. Qc2 Rfd8 14. Nc4 Nd7 15. Rac1 Nf8 16. a4 Ne6 17. Red1 Rd7 18. Qb2 Bxc4 19. Rxc4 Qd6 20. h3 Rc7 21. Qc2 Rac8 22. a5 c5 23. bxc5 bxc5 24. Rb1 Nd4 25. Bxd4 cxd4 26. Rb8 Rxc4 27. Rxc8+ Rxc8 28. Qxc8+ Bf8 29. Qe8 f6 30. g4 Qe7 31. Qb8 h6 32. Kg2 a6 33. Qc8 Qa7 34. h4 Kg7 35. g5 hxg5 36. hxg5 Be7 37. Qe6 Qc7 38. gxf6+ Bxf6 39. Qxa6 Bd8 40. Qe6 Qxa5 41. Nxe5 Qb6 42. Qf7+ Kh6 43. Kh3 Qd6 44. f4 1-0

[Event "Charleroi op"]
[Site "Roux"]
[Date "2019.08.03"]
[Round "9"]
[White "Ghyselen, Wouter"]
[Black "Decrop, Benjamin"]
[Result "1/2-1/2"]
[WhiteElo "2078"]
[BlackElo "2183"]
[PlyCount "62"]
[EventDate "2019.07.27"]
[EventType "swiss"]
[EventRounds "9"]
[EventCountry "BEL"]
[SourceTitle "CBM 191 Extra"]
[Source "ChessBase"]
[SourceDate "2019.09.30"]
[SourceVersion "1"]
[SourceVersionDate "2019.09.30"]
[SourceQuality "1"]

1. d4 Nf6 2. Bg5 d5 3. e3 c5 4. Bxf6 gxf6 5. Nc3 Nc6 6. Qh5 e6 7. 0-0-0 cxd4 8. exd4 Bd7 9. Nge2 f5 10. g3 Qf6 11. Bg2 Qh6+ 12. Qxh6 Bxh6+ 13. Kb1 0-0-0 14. Bf3 Bg7 15. Bh5 Rhf8 16. Rd3 Ne7 17. Rhd1 Ng8 18. Nf4 Kb8 19. Be2 Bh8 20. Nh5 Ne7 21. Bf1 Rc8 22. Bh3 Rg8 23. Nf4 Ng6 24. Nh5 Rc7 25. f3 Ne7 26. g4 fxg4 27. fxg4 Be8 28. Nf4 Ng6 29. Nh5 Ne7 30. Nf4 Ng6 31. Nh5 Ne7 1/2-1/2

[Event "Charleroi op"]
[Site "Roux"]
[Date "2019.07.29"]
[Round "3"]
[White "Godry, Clement"]
[Black "Decrop, Benjamin"]
[Result "1-0"]
[WhiteElo "1962"]
[BlackElo "2183"]
[PlyCount "91"]
[EventDate "2019.07.27"]
[EventType "swiss"]
[EventRounds "9"]
[EventCountry "BEL"]
[SourceTitle "CBM 191 Extra"]
[Source "ChessBase"]
[SourceDate "2019.09.30"]
[SourceVersion "1"]
[SourceVersionDate "2019.09.30"]
[SourceQuality "1"]

1. c4 e6 2. Nc3 Nf6 3. e4 d5 4. e5 d4 5. exf6 dxc3 6. bxc3 Qxf6 7. d4 b6 8. Be2 Bb7 9. Bf3 Bxf3 10. Nxf3 Bd6 11. 0-0 0-0 12. Qd3 h6 13. Qe4 Nd7 14. a4 Qe7 15. Bd2 c5 16. a5 Rac8 17. Rfc1 Rc7 18. axb6 Nxb6 19. Qd3 Rfc8 20. d5 exd5 21. cxd5 c4 22. Qf5 Qd7 23. Qxd7 Rxd7 24. Be3 Bc5 25. Bxc5 Rxc5 26. d6 Rd5 27. Nd4 R5xd6 28. Nb5 Rd2 29. Nxa7 Rb2 30. Nc6 Rdd2 31. Rf1 Rbc2 32. Ra3 Nd5 33. Ne5 Nxc3 34. Ra8+ Kh7 35. Nxf7 Ne4 36. Rh8+ Kg6 37. Rf8 c3 38. h4 Ng3 39. Re1 Rc1 40. Ne5+ Kh7 41. Rxc1 Ne2+ 42. Kh2 Nxc1 43. h5 g5 44. hxg6+ Kg7 45. Rf7+ Kh8 46. Ng4 1-0

[Event "Charleroi op"]
[Site "Roux"]
[Date "2019.07.28"]
[Round "2"]
[White "Decrop, Benjamin"]
[Black "Partoens, Remi"]
[Result "1-0"]
[WhiteElo "2183"]
[BlackElo "1957"]
[PlyCount "105"]
[EventDate "2019.07.27"]
[EventType "swiss"]
[EventRounds "9"]
[EventCountry "BEL"]
[SourceTitle "CBM 191 Extra"]
[Source "ChessBase"]
[SourceDate "2019.09.30"]
[SourceVersion "1"]
[SourceVersionDate "2019.09.30"]
[SourceQuality "1"]

1. e4 e5 2. Nf3 Nf6 3. Nc3 Nc6 4. d4 exd4 5. Nxd4 Bb4 6. Nxc6 bxc6 7. Bd3 0-0 8. 0-0 Re8 9. Qf3 Rb8 10. h3 Bd6 11. Rb1 Be5 12. Bd2 d6 13. b3 c5 14. Rfe1 Bd7 15. Nd5 Nxd5 16. exd5 Qf6 17. Qxf6 Bxf6 18. Ba5 Bd8 19. Bf5 c6 20. Bc3 Rxe1+ 21. Rxe1 Ba5 22. Bxa5 Bxf5 23. dxc6 Rc8 24. c4 Kf8 25. c7 Re8 26. Rd1 Ke7 27. b4 Rc8 28. bxc5 dxc5 29. Rd5 Be6 30. Rxc5 Kd6 31. Rb5 Bxc4 32. Rb8 Ba6 33. f3 Kc6 34. Kf2 Bb7 35. h4 Kb5 36. Rxb7+ Kxa5 37. Rxa7+ Kb6 38. Ra3 Rxc7 39. Rb3+ Ka5 40. g4 Rc2+ 41. Kg3 Rc7 42. h5 h6 43. Kf4 Re7 44. Kf5 Rc7 45. Rb8 Ka4 46. Rg8 Rc5+ 47. Kf4 Rg5 48. Rf8 f6 49. Rf7 Kb4 50. Kg3 Kc4 51. f4 Ra5 52. Rxg7 Ra3+ 53. Kh4 1-0

[Event "Wachtebeke-B"]
[Site "Wachtebeke"]
[Date "2019.03.06"]
[Round "7"]
[White "De Waele, Warre"]
[Black "Decrop, Benjamin"]
[Result "1-0"]
[WhiteElo "2211"]
[BlackElo "2181"]
[PlyCount "83"]
[EventDate "2019.03.02"]
[EventType "tourn"]
[EventRounds "9"]
[EventCountry "BEL"]
[SourceTitle "CBM 189 Extra"]
[Source "ChessBase"]
[SourceDate "2019.06.03"]
[SourceVersion "1"]
[SourceVersionDate "2019.06.03"]
[SourceQuality "1"]

1. d4 Nf6 2. c4 e6 3. Nf3 d5 4. g3 Be7 5. Bg2 0-0 6. 0-0 dxc4 7. Qc2 a6 8. a4 Bd7 9. Qxc4 Bc6 10. Bf4 Bd6 11. Qc1 a5 12. Nc3 Na6 13. Bg5 Bxf3 14. Bxf3 c6 15. e4 e5 16. dxe5 Bxe5 17. Bg2 h6 18. Be3 Bd4 19. Rd1 Bxe3 20. Qxe3 Qe7 21. e5 Nd7 22. f4 Qc5 23. Rd4 Nb6 24. Ne4 Nd5 25. Qd2 Qe7 26. Kh1 Nab4 27. Rd1 Qc7 28. Nc3 Nb6 29. b3 Rae8 30. Rd6 Re7 31. Be4 Rfe8 32. Bb1 N6d5 33. Be4 Nb6 34. Qd4 Re6 35. Rxe6 fxe6 36. Bb1 N6d5 37. Ne4 Rf8 38. Nd6 Qe7 39. Qe4 g5 40. Qg6+ Qg7 41. Qxe6+ Kh8 42. Nf5 1-0

[Event "Wachtebeke-B"]
[Site "Wachtebeke"]
[Date "2019.03.02"]
[Round "1"]
[White "Vandendriessche, Jan"]
[Black "Decrop, Benjamin"]
[Result "0-1"]
[WhiteElo "2168"]
[BlackElo "2181"]
[PlyCount "126"]
[EventDate "2019.03.02"]
[EventType "tourn"]
[EventRounds "9"]
[EventCountry "BEL"]
[SourceTitle "CBM 189 Extra"]
[Source "ChessBase"]
[SourceDate "2019.06.03"]
[SourceVersion "1"]
[SourceVersionDate "2019.06.03"]
[SourceQuality "1"]

1. Nf3 d5 2. g3 Nf6 3. Bg2 e6 4. 0-0 Be7 5. d3 0-0 6. Nbd2 c5 7. e4 Nc6 8. Re1 Qc7 9. e5 Nd7 10. Qe2 b5 11. Nf1 Bb7 12. Bf4 Rfc8 13. h4 a5 14. Ne3 Qd8 15. Ng4 Bf8 16. h5 h6 17. Ngh2 b4 18. g4 a4 19. g5 Nd4 20. Nxd4 cxd4 21. Qg4 hxg5 22. Bxg5 Be7 23. Bh6 Qf8 24. Nf3 Kh8 25. Bf4 Rxc2 26. Nxd4 Rcc8 27. Nf3 Ba6 28. Bf1 Nc5 29. Rad1 b3 30. a3 Nd7 31. Nh4 Bxh4 32. Qxh4 Rc2 33. Bc1 Rac8 34. Qxa4 Nc5 35. Qb4 Qg8 36. Be3 Rb8 37. Qa5 Rb5 38. Qc7 Rb7 39. Qd6 Rd7 40. Qc6 Bb7 41. Qb6 d4 42. Bf4 Qh7 43. Bg2 Bxg2 44. Kxg2 Qf5 45. Bg3 Nxd3 46. Rf1 Qe4+ 47. Kg1 Nxb2 48. Rb1 Qb7 49. Qa5 Nc4 50. Qc5 Nd2 51. Qf8+ Kh7 52. h6 gxh6 53. Bf4 Nf3+ 54. Kh1 Ng5+ 55. f3 Rc8 56. Qb4 Qxb4 57. axb4 Rc3 58. Bxg5 hxg5 59. Rg1 Kh6 60. Rg3 Rdc7 61. Kg2 Rc1 62. Rxc1 Rxc1 63. f4 b2 0-1

[Event "Charleroi op"]
[Site "Charleroi"]
[Date "2018.07.30"]
[Round "4"]
[White "Miezis, Normunds"]
[Black "Decrop, Benjamin"]
[Result "1-0"]
[WhiteElo "2463"]
[BlackElo "2207"]
[PlyCount "57"]
[EventDate "2018.07.28"]
[EventType "swiss"]
[EventRounds "9"]
[EventCountry "BEL"]
[SourceTitle "CBM 185 Extra"]
[Source "ChessBase"]
[SourceDate "2018.07.29"]
[SourceVersion "1"]
[SourceVersionDate "2018.07.29"]
[SourceQuality "1"]

1. c4 Nf6 2. Nc3 e6 3. e4 d5 4. exd5 exd5 5. d4 Be7 6. Nf3 0-0 7. Be2 dxc4 8. Bxc4 Nbd7 9. 0-0 Nb6 10. Bb3 Bg4 11. h3 Bh5 12. Re1 c6 13. Bg5 Re8 14. Re5 Bg6 15. Qe2 Nbd7 16. Re3 Bf8 17. Ne5 Qc7 18. Re1 Nxe5 19. dxe5 Nd5 20. Nxd5 cxd5 21. Bxd5 Bf5 22. a3 Be6 23. Be4 Rac8 24. Qf3 g6 25. Bf6 Bd7 26. Bxb7 Rb8 27. Bd5 Be6 28. b4 a5 29. Bc6 1-0

[Event "Charleroi op"]
[Site "Charleroi"]
[Date "2018.07.28"]
[Round "1"]
[White "Decrop, Benjamin"]
[Black "Vanden Bussche, Steven"]
[Result "1-0"]
[WhiteElo "2207"]
[BlackElo "2001"]
[PlyCount "55"]
[EventDate "2018.07.28"]
[EventType "swiss"]
[EventRounds "9"]
[EventCountry "BEL"]
[SourceTitle "CBM 185 Extra"]
[Source "ChessBase"]
[SourceDate "2018.07.29"]
[SourceVersion "1"]
[SourceVersionDate "2018.07.29"]
[SourceQuality "1"]

1. e4 c6 2. Nf3 d5 3. Nc3 Bg4 4. h3 Bxf3 5. Qxf3 e6 6. d3 Bd6 7. Bd2 Nf6 8. g4 Nfd7 9. exd5 exd5 10. 0-0-0 Nf8 11. g5 Ne6 12. h4 Nd7 13. Bh3 Qc7 14. Rde1 Ndf8 15. Ne2 0-0-0 16. Nd4 Re8 17. Nf5 Ng6 18. Nxd6+ Qxd6 19. Qxf7 Ne5 20. Rxe5 Qxe5 21. Re1 Qc7 22. Bxe6+ Kd8 23. Qxc7+ Kxc7 24. Bf4+ Kd8 25. Bd6 h5 26. Kd2 Rh7 27. g6 Rhh8 28. Bf7 1-0

[Event "Maastricht Limburg op 12th"]
[Site "Maastricht"]
[Date "2018.05.19"]
[Round "3"]
[White "Pruijssers, Roeland"]
[Black "Decrop, Benjamin"]
[Result "1-0"]
[WhiteElo "2519"]
[BlackElo "2179"]
[PlyCount "121"]
[EventDate "2018.05.18"]
[EventType "swiss"]
[EventRounds "7"]
[EventCountry "NED"]
[SourceTitle "CBM 184 Extra"]
[Source "ChessBase"]
[SourceDate "2018.06.28"]
[SourceVersion "1"]
[SourceVersionDate "2018.06.28"]
[SourceQuality "1"]

1. e4 c5 2. Nc3 e6 3. g3 Nc6 4. Bg2 g6 5. d3 Bg7 6. Nge2 Nge7 7. 0-0 0-0 8. Bg5 h6 9. Be3 Nd4 10. Qd2 Kh7 11. Rab1 Nec6 12. a3 d6 13. b4 b6 14. f4 Bb7 15. g4 Nxe2+ 16. Nxe2 f5 17. gxf5 exf5 18. bxc5 dxc5 19. Bxc5 Rf7 20. e5 bxc5 21. Rxb7 Rxb7 22. Bxc6 Rb6 23. Bxa8 Qxa8 24. Nc3 g5 25. fxg5 Bxe5 26. Ne2 Qd5 27. Qe3 Rg6 28. h4 hxg5 29. hxg5 Bf6 30. Nf4 Rxg5+ 31. Kf2 Qc6 32. Qf3 Bd4+ 33. Ke2 Qxf3+ 34. Kxf3 Rg1 35. Rxg1 Bxg1 36. Ne6 Kg6 37. c4 Kf6 38. Nd8 Bh2 39. Nb7 Bg1 40. Kg2 Bd4 41. Na5 Be5 42. Nb7 Bd4 43. a4 a6 44. Kf3 Bg1 45. Na5 Bd4 46. Nb3 Ke5 47. Ke2 Bg1 48. Nd2 Bd4 49. Nf3+ Kd6 50. Nxd4 cxd4 51. Kf3 Kc5 52. Kf4 Kb4 53. Kxf5 Kxa4 54. Ke5 Kb4 55. Kd5 a5 56. c5 a4 57. c6 a3 58. c7 a2 59. c8Q a1Q 60. Qc5+ Kb3 61. Qc4+ 1-0

[Event "Bruges Masters op"]
[Site "Bruges"]
[Date "2017.08.14"]
[Round "3"]
[White "Decrop, Benjamin"]
[Black "Czebe, Attila"]
[Result "0-1"]
[WhiteElo "2173"]
[BlackElo "2465"]
[PlyCount "96"]
[EventDate "2017.08.13"]
[EventType "swiss"]
[EventRounds "9"]
[EventCountry "BEL"]
[SourceTitle "CBM 180 Extra"]
[Source "ChessBase"]
[SourceDate "2017.10.06"]
[SourceVersion "1"]
[SourceVersionDate "2017.10.06"]
[SourceQuality "1"]

1. d4 Nf6 2. Nf3 b6 3. e3 Bb7 4. a4 g6 5. a5 Bg7 6. a6 Bc8 7. Bd3 0-0 8. 0-0 c6 9. Qe2 Nd5 10. Bd2 Nc7 11. b4 b5 12. c4 Nbxa6 13. cxb5 Nxb5 14. Bxb5 cxb5 15. Ra5 Nc7 16. Nc3 Bb7 17. Rfa1 a6 18. Ne1 Rc8 19. Nd3 d6 20. Nc1 Na8 21. Nb3 Nb6 22. R5a2 Rc7 23. Na5 Bc8 24. Qf3 Be6 25. Ra3 Qd7 26. h3 Rfc8 27. Rd1 h5 28. Ne2 Bd5 29. e4 Ba8 30. Qe3 Bb7 31. d5 Nc4 32. Nxc4 Rxc4 33. f3 e6 34. dxe6 Qxe6 35. Kh1 d5 36. Nf4 d4 37. Qb3 Qe8 38. Nd3 Bf8 39. Raa1 Bd6 40. Rac1 Qe7 41. e5 Bxe5 42. Re1 Rxc1 43. Bxc1 Rxc1 44. Nxc1 Qg5 45. Nd3 Bd6 46. Qb2 Qg3 47. f4 Qxd3 48. Kg1 Bxf4 0-1

[Event "Charleroi op"]
[Site "Charleroi"]
[Date "2017.08.04"]
[Round "8"]
[White "Decrop, Benjamin"]
[Black "Capone, Nicola"]
[Result "1-0"]
[WhiteElo "2177"]
[BlackElo "2329"]
[PlyCount "105"]
[EventDate "2017.07.29"]
[EventType "swiss"]
[EventRounds "9"]
[EventCountry "BEL"]
[SourceTitle "CBM 179 Extra"]
[Source "ChessBase"]
[SourceDate "2017.08.23"]
[SourceVersion "1"]
[SourceVersionDate "2017.08.23"]
[SourceQuality "1"]

1. d4 Nf6 2. c4 g6 3. Nc3 d5 4. Nf3 Bg7 5. Qb3 dxc4 6. Qxc4 0-0 7. e4 a6 8. e5 b5 9. Qb3 Nfd7 10. e6 fxe6 11. Be3 Nb6 12. h4 Nc6 13. Rd1 Nd5 14. h5 Nxe3 15. fxe3 Qd6 16. hxg6 h6 17. Ne4 Qb4+ 18. Qc3 Qxc3+ 19. Nxc3 Bb7 20. Rh5 Nb4 21. Rc5 Rac8 22. a3 Nd5 23. Nxd5 exd5 24. Rdc1 c6 25. Bd3 Rce8 26. Ne5 Bxe5 27. dxe5 Kg7 28. Ke2 h5 29. Rh1 Rh8 30. Rh4 Ref8 31. Rc1 a5 32. Rc5 Ra8 33. Rf4 Rhf8 34. Kf3 Rab8 35. Kg3 Kh6 36. Kh4 Rbd8 37. Kg3 Kg7 38. Rc1 Rxf4 39. exf4 e6 40. Kh4 Rh8 41. Kg5 Rf8 42. b4 axb4 43. axb4 Ra8 44. Rh1 Rh8 45. Ra1 Ra8 46. Rxa8 Bxa8 47. Kxh5 c5 48. bxc5 b4 49. g4 d4 50. f5 exf5 51. gxf5 Bd5 52. f6+ Kf8 53. c6 1-0

[Event "Charleroi op"]
[Site "Charleroi"]
[Date "2017.08.03"]
[Round "7"]
[White "Verstraeten, Reinaert"]
[Black "Decrop, Benjamin"]
[Result "1/2-1/2"]
[WhiteElo "2316"]
[BlackElo "2177"]
[PlyCount "81"]
[EventDate "2017.07.29"]
[EventType "swiss"]
[EventRounds "9"]
[EventCountry "BEL"]
[SourceTitle "CBM 179 Extra"]
[Source "ChessBase"]
[SourceDate "2017.08.23"]
[SourceVersion "1"]
[SourceVersionDate "2017.08.23"]
[SourceQuality "1"]

1. Nf3 Nf6 2. c4 e6 3. g3 d5 4. d4 Be7 5. Bg2 0-0 6. Nbd2 c6 7. 0-0 b6 8. Qc2 Nbd7 9. e4 dxe4 10. Nxe4 Nxe4 11. Qxe4 Bb7 12. Ne5 Nxe5 13. dxe5 Bc5 14. Qe2 Qc7 15. Bg5 Bd4 16. Rfe1 c5 17. Rad1 Bxg2 18. Kxg2 h6 19. Bf4 Qc6+ 20. Kg1 a5 21. b3 a4 22. b4 Rfd8 23. b5 Qc7 24. h4 Bc3 25. Rf1 Rxd1 26. Rxd1 Bd4 27. Qe4 Rd8 28. Kg2 Rb8 29. Rd3 Qb7 30. Qxb7 Rxb7 31. Be3 Bxe5 32. Rd8+ Kh7 33. Ra8 h5 34. Rxa4 Kg6 35. Kf3 Kf5 36. Ra8 Bc3 37. a4 Rc7 38. Rb8 Ba5 39. Rd8 Ra7 40. Rd6 f6 41. Ke2 1/2-1/2

[Event "Charleroi op"]
[Site "Charleroi"]
[Date "2017.08.02"]
[Round "6"]
[White "Decrop, Benjamin"]
[Black "Hamblok, Roel"]
[Result "1/2-1/2"]
[WhiteElo "2177"]
[BlackElo "2305"]
[PlyCount "56"]
[EventDate "2017.07.29"]
[EventType "swiss"]
[EventRounds "9"]
[EventCountry "BEL"]
[SourceTitle "CBM 179 Extra"]
[Source "ChessBase"]
[SourceDate "2017.08.23"]
[SourceVersion "1"]
[SourceVersionDate "2017.08.23"]
[SourceQuality "1"]

1. Nf3 Nf6 2. d4 d5 3. e3 c6 4. Bd3 Bg4 5. h3 Bh5 6. b3 Nbd7 7. Bb2 e6 8. 0-0 Bd6 9. Nbd2 0-0 10. Be2 Qb8 11. Ne1 Bxe2 12. Qxe2 e5 13. dxe5 Bxe5 14. Bxe5 Qxe5 15. Nef3 Qh5 16. Rfd1 Rfd8 17. Nd4 Qxe2 18. Nxe2 Nc5 19. Nd4 Rd7 20. g4 g6 21. f3 h6 22. Kf2 Re8 23. Rg1 Ne6 24. Nxe6 Rxe6 25. Rad1 Kf8 26. Rge1 c5 27. Nb1 Ke7 28. Nc3 b6 1/2-1/2

[Event "Charleroi op"]
[Site "Charleroi"]
[Date "2017.08.01"]
[Round "5"]
[White "Hautot, Stephane"]
[Black "Decrop, Benjamin"]
[Result "1/2-1/2"]
[WhiteElo "2379"]
[BlackElo "2177"]
[PlyCount "60"]
[EventDate "2017.07.29"]
[EventType "swiss"]
[EventRounds "9"]
[EventCountry "BEL"]
[SourceTitle "CBM 179 Extra"]
[Source "ChessBase"]
[SourceDate "2017.08.23"]
[SourceVersion "1"]
[SourceVersionDate "2017.08.23"]
[SourceQuality "1"]

1. d4 Nf6 2. Nf3 d5 3. g3 e6 4. Bg2 Be7 5. 0-0 0-0 6. b3 b5 7. Ne5 Nbd7 8. Nxd7 Nxd7 9. c4 bxc4 10. bxc4 c6 11. Nd2 a5 12. Qc2 Ba6 13. Re1 Nb6 14. c5 Nc4 15. Nxc4 Bxc4 16. a4 e5 17. e3 exd4 18. exd4 Bf6 19. Bb2 Qc7 20. Bc3 Rfb8 21. Qd2 g6 22. Bf3 Kg7 23. Kg2 Qa7 24. h4 h5 25. Bd1 Qa6 26. Bc2 Bb3 27. Bd3 Bc4 28. Bc2 Bb3 29. Bb1 Bc4 30. Bc2 Bb3 1/2-1/2

[Event "Charleroi op"]
[Site "Charleroi"]
[Date "2017.07.30"]
[Round "2"]
[White "Eden, James"]
[Black "Decrop, Benjamin"]
[Result "1-0"]
[WhiteElo "2361"]
[BlackElo "2177"]
[PlyCount "107"]
[EventDate "2017.07.29"]
[EventType "swiss"]
[EventRounds "9"]
[EventCountry "BEL"]
[SourceTitle "CBM 179 Extra"]
[Source "ChessBase"]
[SourceDate "2017.08.23"]
[SourceVersion "1"]
[SourceVersionDate "2017.08.23"]
[SourceQuality "1"]

1. e4 c5 2. Nf3 e6 3. d4 cxd4 4. Nxd4 Nc6 5. Nc3 Qc7 6. g3 a6 7. Bg2 Nf6 8. 0-0 Be7 9. Be3 0-0 10. a4 d6 11. h3 Nxd4 12. Bxd4 Bd7 13. Qd2 Bc6 14. a5 Nd7 15. Rfd1 b5 16. axb6 Nxb6 17. b3 Rfc8 18. Ne2 a5 19. Bb2 Qb7 20. Nd4 Bxe4 21. f3 Bg6 22. Qe2 Bf6 23. f4 d5 24. f5 Bxd4+ 25. Rxd4 Bxf5 26. c4 Be4 27. Rxe4 dxe4 28. Bxe4 Qc7 29. Be5 Qc5+ 30. Kh2 f6 31. Bc3 Ra7 32. Bc2 e5 33. Rf1 Nd5 34. Bd2 Re7 35. Bf5 Nb4 36. Be3 Qc6 37. Rd1 Rb8 38. Rd2 g6 39. Qg4 Kh8 40. Bd7 Qc7 41. Bb5 Rd8 42. Rf2 Rf8 43. Bh6 Qb6 44. Qf3 e4 45. Qe2 e3 46. Bxf8 Re5 47. Rf3 Nc2 48. c5 Qb7 49. c6 Qb6 50. Qxc2 Qxb5 51. c7 Re8 52. c8Q Rxc8 53. Qxc8 Qe2+ 54. Kg1 1-0

[Event "BEL-ch op"]
[Site "Niel"]
[Date "2017.07.09"]
[Round "9"]
[White "Decrop, Benjamin"]
[Black "Chaerle, Josse"]
[Result "1-0"]
[WhiteElo "2182"]
[BlackElo "1983"]
[PlyCount "51"]
[EventDate "2017.07.01"]
[EventType "swiss"]
[EventRounds "9"]
[EventCountry "BEL"]
[SourceTitle "EXT 2018"]
[Source "ChessBase"]
[SourceDate "2017.10.13"]
[SourceVersion "1"]
[SourceVersionDate "2017.10.13"]
[SourceQuality "1"]

1. d4 Nf6 2. Nf3 e6 3. e3 c5 4. Bd3 Nc6 5. 0-0 Be7 6. Nbd2 a6 7. c3 Qc7 8. h3 0-0 9. a4 Rb8 10. Qe2 d5 11. dxc5 Bxc5 12. e4 Re8 13. e5 Nd7 14. Nb3 Bf8 15. Bxh7+ Kh8 16. Ng5 Ncxe5 17. Bf4 Bd6 18. Bxe5 Bxe5 19. Qh5 Nf6 20. Nxf7+ Qxf7 21. Qxf7 Kxh7 22. h4 Bd7 23. h5 Rf8 24. Qg6+ Kh8 25. Nc5 Be8 26. Qg5 1-0

[Event "BEL-ch op"]
[Site "Niel"]
[Date "2017.07.03"]
[Round "3"]
[White "Decrop, Benjamin"]
[Black "Gitu, Paula Alexandra"]
[Result "1-0"]
[WhiteElo "2182"]
[BlackElo "1987"]
[PlyCount "53"]
[EventDate "2017.07.01"]
[EventType "swiss"]
[EventRounds "9"]
[EventCountry "BEL"]
[SourceTitle "EXT 2018"]
[Source "ChessBase"]
[SourceDate "2017.10.13"]
[SourceVersion "1"]
[SourceVersionDate "2017.10.13"]
[SourceQuality "1"]

1. d4 d6 2. Nf3 Bg4 3. e4 Nf6 4. Nc3 Nbd7 5. h3 Bh5 6. Qe2 c6 7. g4 Bg6 8. h4 h6 9. h5 Bh7 10. g5 hxg5 11. e5 dxe5 12. dxe5 Nd5 13. e6 fxe6 14. Nxg5 Qa5 15. Qxe6 Bg8 16. Qg6+ Kd8 17. Bd2 Qc7 18. 0-0-0 Qd6 19. Bg2 Kc7 20. Bxd5 Bxd5 21. Nxd5+ cxd5 22. Ne6+ Kb6 23. Bf4 Qc6 24. Be3+ Ka6 25. Nc7+ Ka5 26. Qxc6 bxc6 27. Nxa8 1-0